000 01011nam a2200289Ia 4500
005 20220317000952.0
008 160825s2008 mx a g 000 0 spa
020 _a97896816521012
100 1 _aSanromán, Susana
245 1 3 _aLa señora regañona
_cSusana Sanromán ; ilustrado por Domi
250 _a1a. edición
_b2a. reimpresión
300 _a18 páginas
_bilustraciones en color
_c25 cm
490 _aLos especiales de A la orilla del viento
521 _a5 años en adelante
586 _aPremio a la orilla del viento 1996 I concurso libro ilustrado
650 1 4 _2LEMB
_aÁlbumes infantiles
650 1 4 _2LEMB
_aLiteratura infantil
650 1 4 _2LEMB
_aNoche en la literatura
700 _aDomi
_eilustrador
_919156
942 _2loc
_cBKINF
264 _aMéxico
_bFondo de Cultura Económica
_c2008
336 _atexto
_btxt
_2rdacontent
337 _asin mediación
_bn
_2rdamedia
338 _avolumen
_bnc
_2rdacarrier
040 _aCO-BoRNBP
_bspa
_erda
_cCO-BoRNBP
084 _aA SAN7
999 _c5547
_d5547